000 00427nam a2200181Ia 4500
001 3160
005 20260306144900.0
008 260306t2006||||xx |||||||||||||| ||spa||
041 _aESP
082 _a261.8
_bC75
100 _aColom, Enrique
_eAUT
245 0 _aCurso de doctrina social de la iglesia
260 _c2006
300 _a299 páginas :
_c21 cm.
650 _aGEN
654 _aCHU
942 _cLIB
_dJUS
_fJUS
_2ddc
_n
999 _c3160
_d3160